000 00292nam a22001337a 4500
008 171027b xxu||||| |||| 00| 0 eng d
020 _a0913969133
041 _aeng
080 _a336
100 _a56
101 _aFIN
245 _aTHE THEORY OF MARKET FAILURE
_cCOWEN,T
942 _2udc
_cBK
999 _c36159
_d36159